Lean Six Sigma

Koncepcia alebo program Lean Six Sigma je synergickým spojením koncepcie Six Sigma a koncepcie Lean Enterprise („štíhly podnik“, ktorý redukuje straty). Je spojením úsilia o vysokú kvalitu, čo reprezentuje Six Sigma s úsilím o zvýšenie rýchlosti procesov tým, že dochádza k redukcii všetkých typov st...

Descrizione completa

Salvato in:
Dettagli Bibliografici
Autore principale: Michalcová, Zuzana, 1984-
Natura: Capitolo di libro
Lingua:slovacco
Soggetti:
Tags: Aggiungi Tag
Nessun Tag, puoi essere il primo ad aggiungerne!!

MARC

LEADER 00000nla$a2200000$$$4500
001 0093924
005 20240502083237.5
041 0 |a slo 
044 |a CZ 
245 1 0 |a Lean Six Sigma  |c Zuzana Michalcová 
520 |a Koncepcia alebo program Lean Six Sigma je synergickým spojením koncepcie Six Sigma a koncepcie Lean Enterprise („štíhly podnik“, ktorý redukuje straty). Je spojením úsilia o vysokú kvalitu, čo reprezentuje Six Sigma s úsilím o zvýšenie rýchlosti procesov tým, že dochádza k redukcii všetkých typov strát (Lean Enterprise). Zrýchlenie procesov je dosahované odstránením činností v spracovaní, ktoré nepridávajú hodnotu v očiach zákazníkov, elimináciou časov čakania, redukciou času stráveného medzi jednotlivými aktivitami, ktoré pridávajú hodnotu atď. Aplikáciou Six Sigma pravidiel do aktivít pridávajúcich hodnotu je možné znížiť chybovosť procesu, čo môže spôsobiť zrýchlenie aktivít pridávajúcich hodnotu. 
610 2 0 |a podnik 
610 2 0 |a procesy podnikové 
610 2 0 |a optimalizácia 
610 2 0 |a koncepcie 
610 2 0 |a kvalita 
610 2 0 |a hodnota pridaná spracovaním 
610 2 0 |a výroba štíhla 
100 1 |a Michalcová, Zuzana, 1984-